Normal view
MARC view
Entry Personal Name
001 - CONTROL NUMBER
- control field: 1236128
003 - CONTROL NUMBER IDENTIFIER
- control field: OSt
005 - DATE AND TIME OF LATEST TRANSACTION
- control field: 20260430150005.0
008 - FIXED-LENGTH DATA ELEMENTS
- fixed length control field: 260430|| aca||aabn | a|a d
040 ## - CATALOGING SOURCE
- Original cataloging agency: OSt
- Transcribing agency: OSt
100 ## - HEADING--PERSONAL NAME
- Personal name: Dagar Vinay SIngh Au.; Sarita Kumar Gu
670 ## - SOURCE DATA FOUND
- Source citation: Work cat.: (OSt)1848670: Dagar Vinay SIngh Au.; Sarita Kumar Gu., Studies on the growth regulatory effects of emamectin benzoate on the cotton bollworm, helicoverpa armigera (Hubner), 2022
